000 01042cam a2200301 i 4500
001 55218
003 Mx-PuUPA
005 20231122131428.0
008 140415s2014 mx a r 000 0 spa d
020 _a9786073122887
040 _aMX-PuUPA
_bspa
_erda
_cMx-PuUPA
_dMx-PuUPA
041 0 _aspa
100 1 _aMendívil López, Leopoldo,
_d1970-
_eautor
_97174
245 1 3 _aSecreto 1929 :
_bla consumación /
_cLeopoldo Mendívil López.
250 _aPrimera edición /
_ben formato Debolsillo
264 1 _aMéxico, D.F. :
_bPenguin Random House Grupo Editorial,
_c2014
300 _a405 páginas :
_bilustraciones ;
_c19 cm.
336 _atexto
_2rdacontent
_btxt
337 _asin mediación
_2rdamedia
_bn
338 _avolumen
_2rdacarrier
_bnc
650 7 _aNovela mexicana
_2armarc
650 4 _aLiteratura mexicana
_ySiglo XXI
650 4 _aNovela histórica
_zMéxico
_ySiglo XXI
942 _2ddc
_cLI
_h863
_iMEN
_n
999 _c55218
_d55218